000 00309nam a22001217a 4500
008 230620b xxu||||| |||| 00| 0 eng d
082 _a324.6
_bSAD
100 _cSADC
245 _aLesotho 2002
_bElection Observation Mission Mission Report
260 _aLesotho
_bSADC
_c2002
300 _a50p
942 _2ddc
_cBK
999 _c1751
_d1751